| 000 | 00839nac a22002171u 4500 | ||
|---|---|---|---|
| 010 | _a 88025441 | ||
| 020 | _a0080369561 : | ||
| 082 | 0 | 0 |
_a620.7 _bH1741 |
| 090 |
_c4652 _d4652 |
||
| 100 | _aHall, Arthur D. | ||
| 245 | 1 | 0 |
_aMetasystems methodology : _ba new synthesis and unification / _cArthur D. Hall III. |
| 250 | _a1st ed. | ||
| 260 |
_aOxford ; _aNew York : _bPergamon Press,c.1989. _cc.1989. |
||
| 300 |
_axvii, 518 p. : _bill. ; _c24 cm. |
||
| 440 | 0 |
_aIFSR international series on systems science and engineering ; _vv. 3 |
|
| 504 | _aIncludes bibliographical references (p. 494-507). | ||
| 650 | 0 | _aSystems engineering. | |
| 650 | 0 | _aSystem theory. | |
| 942 |
_cBB _k620.7H1741 |
||
| 999 |
_c4652 _d4652 |
||